Loading...
Science - Physics | 0 | 6 | 0 | 0 | 60 | 52 | 86.33 | 3 | 4 |
Science - Other Science | 0 | 3 | 0 | 0 | 30 | 87 | 99.33 | 0 | 1 |
Science - Chemistry | 0 | 2 | 1 | 0 | 15 | 104 | 109.50 | 0 | 1 |
History - Other History | 0 | 1 | 0 | 0 | 10 | 73 | 73.00 | 0 | 1 |
Philosophy | 0 | 1 | 0 | 1 | 10 | 113 | 113.00 | 0 | 0 |
Pop Culture | 0 | 1 | 0 | 0 | 10 | 100 | 100.00 | 0 | 1 |
Science - Biology | 0 | 1 | 0 | 0 | 10 | 108 | 108.00 | 0 | 0 |
Social Science | 0 | 1 | 0 | 0 | 10 | 90 | 90.00 | 0 | 1 |
Geography/Current Events | 0 | 1 | 0 | 0 | 10 | 46 | 46.00 | 0 | 1 |
History - American History | 0 | 1 | 0 | 0 | 10 | 133 | 133.00 | 0 | 0 |
Fine Arts - Other Fine Arts | 0 | 1 | 1 | 0 | 5 | 83 | 83.00 | 0 | 1 |
Other Academic | 0 | 0 | 1 | 0 | -5 | 0.00 | 0 | 0 | |
History - European History | 0 | 0 | 1 | 0 | -5 | 0.00 | 0 | 0 | |
Fine Arts - Visual Fine Arts | 0 | 0 | 1 | 0 | -5 | 0.00 | 0 | 0 |